000 00923nam a22002897a 4500
001 BR9702672
003 BR-BrBNA
005 20230928095431.0
007 ta
008 230509b bl.||||| |||| 00| 0 por d
040 _aBR-BrBNA
_bpor
_cBiblioteca Nacional de Agricultura
041 _a(Por)
072 _aE14
090 _ E14 BR9702672
100 1 _aMesquita, A.
110 1 _aPresidencia da Republica, Brasilia, DF (Brasil). Secretaria de Planejamento
_97900
110 1 _aInstituto de Planejamento Economico e Social, Brasilia, DF (Brasil)
_96238
245 1 _aAlguns indicadores sobre a evolucao da economia global e do setor agricola no Brasil, 1960 a 1975
260 3 _aBrasilia, DF (Brasil):
_c1976.
300 _a45 p.
500 _aNumerical date
650 _aEconomia Agricola
650 _aEconomia da Producao
650 _aExportacao
909 _a202309
_bLucia
_c55
_dLucia Elande
942 _cBK
999 _c56541
_d56541